Community Health Nursing Record Book (Record no. 158815)
[ view plain ]
| 000 -LEADER | |
|---|---|
| fixed length control field | 00301 a2200109 4500 |
| 020 ## - INTERNATIONAL STANDARD BOOK NUMBER | |
| International Standard Book Number | 9789354653544 |
| 100 ## - MAIN ENTRY--PERSONAL NAME | |
| Personal name | Manivannan,C. |
| 9 (RLIN) | 181489 |
| 245 ## - TITLE STATEMENT | |
| Title | Community Health Nursing Record Book |
| 250 ## - EDITION STATEMENT | |
| Edition statement | 1 |
| 260 ## - PUBLICATION, DISTRIBUTION, ETC. (IMPRINT) | |
| Name of publisher, distributor, etc. | Jaypee Brothers Medical Publisher |
| Date of publication, distribution, etc. | 2022 |
| 650 ## - SUBJECT ADDED ENTRY--TOPICAL TERM | |
| Topical term or geographic name as entry element | COMMUNITY HEALTH NURSING |
| 9 (RLIN) | 181705 |
| Withdrawn status | Lost status | Source of classification or shelving scheme | Damaged status | Not for loan | Home library | Current library | Date acquired | Vendor | Cost, normal purchase price | Full call number | Barcode | Date last seen | Cost, replacement price | Bill Date | Koha item type | Original Barcode |
|---|---|---|---|---|---|---|---|---|---|---|---|---|---|---|---|---|
| Dewey Decimal Classification | Sitabai Nargundkar College of Nursing Nagpur | Sitabai Nargundkar College of Nursing Nagpur | 19/05/2023 | 102 | 434.00 | 610.73/MAN | SNCN-BK-3189 | 19/05/2023 | 695.00 | 19/05/2023 | Books | 3189 |